书目信息 |
| 题名: |
商业统计
|
|
| 作者: | 唐宁 , 克拉克 著 ;施祖辉 , 孙允午 译 | |
| 分册: | ||
| 出版信息: | 上海 上海人民出版社 2004 |
|
| 页数: | 424页 | |
| 开本: | 23cm | |
| 丛书名: | ||
| 单 册: | ||
| 中图分类: | F712.3 | |
| 科图分类: | ||
| 主题词: | 商业统计学 | |
| 电子资源: | ||
| ISBN: | 7-208-04969-6 | |
| 000 | 00909nam0 2200265 45 | |
| 001 | 002676777 | |
| 005 | 20050412140955.8 | |
| 010 | @a7-208-04969-6@dCNY49.00 | |
| 100 | @a20040705d2004 em y0chiy0110 ea | |
| 101 | 1 | @achi@ceng |
| 102 | @aCN@b310000 | |
| 105 | @ak z 000yy | |
| 200 | 1 | @a商业统计@Ashang ye tong ji@f(美)道格拉斯·唐宁,(美)杰弗里·克拉克著@F(Mei)Dao Ge La Si·Tang Ning,(Mei)Jie Fu Li·Ke La Ke Zhu@g施祖辉,孙允午译 |
| 210 | @a上海@c上海人民出版社@d2004 | |
| 215 | @a424页@d23cm | |
| 300 | @a美国博朗工商管理经典教材 | |
| 330 | @a本书以学会运用统计方法进行数据分析为讲述目的,论述了研究统计的必要性,描述性统计,概率计算,及随机变量等。 | |
| 606 | 0 | @a商业统计学 |
| 690 | @aF712.3@v4 | |
| 701 | 0 | @a唐宁@4著 |
| 701 | 0 | @a克拉克@4著 |
| 702 | 0 | @a施祖辉@Ashi zu hui@4译 |
| 702 | 0 | @a孙允午@Asun yun wu@4译 |
| 801 | 0 | @aCN@bNLC@c20040729 |
| 905 | @f5@b348461-465@dF712.3@e94 | |
| 商业统计/(美)道格拉斯·唐宁,(美)杰弗里·克拉克著/施祖辉,孙允午译.-上海:上海人民出版社,2004 |
| 424页;23cm |
| 美国博朗工商管理经典教材 |
| ISBN 7-208-04969-6:CNY49.00 |
| 本书以学会运用统计方法进行数据分析为讲述目的,论述了研究统计的必要性,描述性统计,概率计算,及随机变量等。 |
| ● |
| 相关链接 |
|
|
|
|
正题名:商业统计
索取号:F712.3/94
 
预约/预借
| 序号 | 登录号 | 条形码 | 馆藏地/架位号 | 状态 | 备注 |
| 1 | 0348461 | 203484611 | 第一样本阅览室/ [索取号:F712.3/94] | 在馆 | |
| 2 | 0348462 | 203484620 | 密集书库/ [索取号:F712.3/94] | 在馆 | |
| 3 | 0348463 | 203484639 | 第一借阅区/ [索取号:F712.3/94] | 在馆 | |
| 4 | 0348464 | 203484648 | 密集书库/ [索取号:F712.3/94] | 在馆 | |
| 5 | 0348465 | 203484657 | 第一借阅区/ [索取号:F712.3/94] | 在馆 |